[Event "Blitz 'til your eyes bleed!"]
[Site "SchemingMind.com"]
[Date "2014.08.11"]
[Round "-"]
[White "j4orce"]
[Black "SAMAEL"]
[Result "0-1"]
[WhiteCountry "USA"]
[BlackCountry "CAN"]
[WhiteElo "1550"]
[WhiteRD "76"]
[BlackElo "1763"]
[BlackRD "52"]
[GameID "362982"]

1. d4 d5 2. Nf3 e6 3. Bf4 Nf6 4. Nc3 a6 5. h3 h6 6. e3 Nc6 7. a3 Be7 8. Bd3 O-O 9. Qd2 Bd7 10. e4 dxe4
11. Nxe4 Rc8 12. Bxh6 Nxe4 13. Bxe4 f5 14. Bxc6 Bxc6 15. Be3 Bd6 16. Ng5 Qf6 17. f4 g6 18. h4 Be8 19. Qe2 Kg7 20. O-O-O Rh8
21. Qf3 c6 22. Kb1 Kf8 23. g4 Ke7 24. h5 fxg4 25. Qxg4 gxh5 26. Qf3 Kd7 27. Ne4 Qf5 28. Rdg1 Bg6 29. Rg5 Qxe4 30. Qh3 Qxc2+
31. Ka2 Rcg8 32. Rc1 Qe4 33. Qg3 Bf7 34. Qf2 e5+ 35. Ka1 exf4 36. Re5 Bxe5 37. dxe5 Qxe3 38. Rd1+ Ke6 39. Qc2 Rd8 40. Rc1 Rd5
41. Qc4 Rd8 42. Rf1 Kf5 43. Qc2+ Kxe5 44. Qb1 Rd2 45. Qc1 Qd4 46. Re1+ Kf6
0-1